|
|
|
|
| LEADER |
00000nab a2200000 4500 |
| 001 |
vtls011762124 |
| 003 |
SK-MaSNL |
| 005 |
20260319071037.0 |
| 008 |
180614|20180613xo |||| || ||00 0|hun |
| 015 |
|
|
|a SNBRB2018/06
|
| 038 |
|
|
|a DSZK
|
| 040 |
|
|
|a DSZK
|b slo
|c DSZK
|e rda
|
| 041 |
|
|
|a hun
|
| 043 |
|
|
|a e-xo---
|
| 044 |
|
|
|a xo
|c SK
|
| 072 |
|
7 |
|a 72/76
|x Výtvarné umenie
|2 konspekt
|
| 080 |
|
|
|a 72/76.092
|x (437.6)
|2 2011
|
| 080 |
|
|
|a 72/76.05-053.2
|x (437.6)
|2 2011
|
| 080 |
|
|
|a 741-053.2
|x (437.6)
|2 2011
|
| 100 |
1 |
|
|a Somogyi, Katalin
|4 aut
|9 1086311
|
| 245 |
1 |
0 |
|a Csallóközi színes ceruzák
|c Somogyi Katalin
|
| 336 |
|
|
|a text
|b txt
|2 rdacontent
|
| 337 |
|
|
|a bez média
|b n
|2 rdamedia
|
| 338 |
|
|
|a zväzok
|b nc
|2 rdacarrier
|
| 611 |
2 |
7 |
|a Žitnoostrovské pastelky
|n (19. :
|d 2018 :
|c Dunajská Streda, Slovensko)
|2 dszk
|9 432190
|
| 648 |
|
7 |
|a 2018
|2 dszk
|9 351415
|
| 650 |
0 |
7 |
|a výtvarné práce detí a mládeže
|2 SNKPH
|9 68655
|
| 650 |
0 |
7 |
|a výtvarné súťaže
|2 SNKPH
|9 2910
|
| 650 |
0 |
7 |
|a výstavy
|2 SNKPH
|9 2780
|
| 651 |
|
7 |
|a Dunajská Streda (Slovensko)
|2 SNKPHgeo
|9 17375
|
| 773 |
0 |
|
|t Új szó
|g Évf. 71, sz. 135 (2018.6.13), o. 11
|x 1335-7050
|
| 958 |
|
|
|a SK
|
| 999 |
|
|
|c 1795327
|d 1797257
|